00888nam a2200253 a 450000100060000000300080000600500170001400800410003103500190007204000270009104100080011808200250012610000380015124500640018926000390025330000250029249000370031750400360035465000310039083000460042194200120046799900170047995201380049669763BD-RjUL20211209081925.0170413s1968 cau b 001 0 eng d a(BD-RjUL)69975 aDLCcDLCdBD-RjULbeng aeng 223a512.02bROI 19681 aRosenfeld, Azriel,d1931-920664213aAn introduction to algebraic structures /cAzriel Rosenfeld aSan Francisco :bHolden-Day,c1968 axi, 285 p. ;c24 cm.1 aHolden-Day series in mathematics aIncludes bibliography and index 0aAlgebra, Abstract.9206643 0aHolden-Day series in mathematics.9206646 2ddccBK c69763d69763 00102ddc40718NFICaRUCLbRUCLcReadingd1988-12-26eAsia Foundationl0o512.02 ROI 1968r2017-04-13 00:00:00tC-1w2017-04-13yBK